Statistics for U.S. Cities with the Tallest Observation Towers

Click here to take the quiz!

General Stats

  • This quiz has been taken 42 times
  • The average score is 7 of 10

Answer Stats

HeightAnswer% Correct
184.0 mSeattle
95%
171.0 mDallas
78%
152.4 mDallas
78%
173.0 mLa Porte
78%
350.2 mLas Vegas
78%
165.0 mLas Vegas
78%
169.0 mWashington, D.C.
65%
228.6 mSan Antonio
57%
192.0 mSt. Louis
54%
124.0 mGatlinburg
16%

Score Distribution

Percentile by Number Answered

Percent of People with Each Score

Your Score History

You have not taken this quiz